MANAGEMENT INFORMATION SYATEMS:A CONCISE STUDY (Record no. 216881)
[ view plain ]
| 000 -LEADER | |
|---|---|
| fixed length control field | 00522nam a22001697a 4500 |
| 008 - FIXED-LENGTH DATA ELEMENTS--GENERAL INFORMATION | |
| fixed length control field | 260327b |||||||| |||| 00| 0 eng d |
| 020 ## - INTERNATIONAL STANDARD BOOK NUMBER | |
| International Standard Book Number | 978-81-203-3765-7 |
| 050 ## - LIBRARY OF CONGRESS CALL NUMBER | |
| Classification number | HD 30 .213 .K45 2009 |
| 100 ## - MAIN ENTRY--PERSONAL NAME | |
| Personal name | KELKAR S.A |
| 245 ## - TITLE STATEMENT | |
| Title | MANAGEMENT INFORMATION SYATEMS:A CONCISE STUDY |
| 250 ## - EDITION STATEMENT | |
| Edition statement | 2nd |
| 260 ## - PUBLICATION, DISTRIBUTION, ETC. | |
| Place of publication, distribution, etc. | DELHI |
| Name of publisher, distributor, etc. | PHI LEARNING PRIVATE LIMITED |
| Date of publication, distribution, etc. | 2009 |
| 300 ## - PHYSICAL DESCRIPTION | |
| Extent | ,302 |
| 650 ## - SUBJECT ADDED ENTRY | |
| Topical term or geographic name entry element | Management information systems-textbook-information technology management-textbook |
| 942 ## - ADDED ENTRY ELEMENTS (KOHA) | |
| Source of classification or shelving scheme | Library of Congress Classification |
| Koha item type | Long Loan Book |
| Withdrawn status | Lost status | Source of classification or shelving scheme | Damaged status | Not for loan | Collection | Home library | Current library | Shelving location | Date acquired | Inventory number | Total checkouts | Full call number | Barcode | Date last seen | Copy number | Price effective from | Koha item type |
|---|---|---|---|---|---|---|---|---|---|---|---|---|---|---|---|---|---|
| Library of Congress Classification | Business & Economics | Kisii University Library | Kisii University Library | On Display | 03/27/2026 | 112547 | HD 30 .213 .K45 2009 | A001187 | 03/27/2026 | C.1 | 03/27/2026 | Long Loan Book | |||||
| Library of Congress Classification | Business & Economics | Kisii University Library | Kisii University Library | On Display | 03/27/2026 | 112548 | HD 30 .213 .K45 2009 | A001188 | 03/27/2026 | C.2 | 03/27/2026 | Long Loan Book | |||||
| Library of Congress Classification | Business & Economics | Kisii University Library | Kisii University Library | On Display | 03/27/2026 | 112549 | HD 30 .213 .K45 2009 | A001183 | 03/27/2026 | C.3 | 03/27/2026 | Long Loan Book | |||||
| Library of Congress Classification | Business & Economics | Kisii University Library | Kisii University Library | On Display | 03/27/2026 | 112550 | HD 30 .213 .K45 2009 | A001190 | 03/27/2026 | C.4 | 03/27/2026 | Long Loan Book |